LEADER 01606nam 2200529 450 001 9910494636003321 010 $a1-78533-180-9 035 $a(CKB)3710000000830378 035 $a(MiAaPQ)EBC4197981 035 $a(EXLCZ)993710000000830378 100 $a20160903h20162016 uy 0 101 0 $aeng 135 $aurcnu|||||||| 181 $2rdacontent 182 $2rdamedia 183 $2rdacarrier 200 10$aEconomic citizenship $eneoliberal paradoxes of empowerment /$fAmalia Sa'ar 210 1$aNew York, [New York] ;$aOxford, [England] :$cBerghahn Books,$d2016. 210 4$dİ2016 215 $a1 online resource (260 pages) 311 $a1-78533-830-7 311 $a1-78533-179-5 320 $aIncludes bibliographical references and index. 606 $aWomen$zIsrael$xSocial conditions 606 $aWomen$zIsrael$xEconomic conditions 606 $aWomen$xEmployment$zIsrael 606 $aPoor women$zIsrael$xSocial conditions 606 $aDiscrimination$zIsrael 606 $aEquality$zIsrael 606 $aCitizenship$zIsrael 608 $aElectronic books. 615 0$aWomen$xSocial conditions. 615 0$aWomen$xEconomic conditions. 615 0$aWomen$xEmployment 615 0$aPoor women$xSocial conditions. 615 0$aDiscrimination 615 0$aEquality 615 0$aCitizenship 676 $a305.4095694 700 $aSa?ar$b Amalia$f1963-$01052981 801 0$bMiAaPQ 801 1$bMiAaPQ 801 2$bMiAaPQ 906 $aBOOK 912 $a9910494636003321 996 $aEconomic citizenship$92484577 997 $aUNINA LEADER 02823nam 22006014a 450 001 9910454618603321 005 20200520144314.0 010 $a0-8261-2805-X 035 $a(CKB)1000000000705984 035 $a(EBL)423513 035 $a(OCoLC)476263315 035 $a(SSID)ssj0000125865 035 $a(PQKBManifestationID)11144371 035 $a(PQKBTitleCode)TC0000125865 035 $a(PQKBWorkID)10031335 035 $a(PQKB)10306288 035 $a(MiAaPQ)EBC423513 035 $a(Au-PeEL)EBL423513 035 $a(CaPaEBR)ebr10265597 035 $a(CaONFJC)MIL831339 035 $a(EXLCZ)991000000000705984 100 $a20041019d2005 uy 0 101 0 $aeng 135 $aur|n|---||||| 181 $ctxt 182 $cc 183 $acr 200 10$aCommunity care for an aging society$b[electronic resource] $eissues, policy, and services /$fCarole B. Cox 210 $aNew York $cSpringer Pub. Co.$dc2005 215 $a1 online resource (191 p.) 225 1 $aSpringer series on life styles and issues in aging 300 $aDescription based upon print version of record. 311 $a0-8261-2804-1 320 $aIncludes bibliographical references and index. 327 $aCommunity care for an aging population -- Determining needs for care -- Policy and care -- Community programs and services -- Housing needs and responses -- The role of the family in providing care -- Ethnicity and care -- New responses in community care -- The challenges of caring for an aging society. 330 $aMost older persons desire to remain living in the community, but those requiring care are often at risk of not having their needs met. Families may find themselves unable to care for their older relatives, while formal services are often unavailable or inaccessible. Policies and services are beginning to focus on the community rather than institutions as the primary axis for care. This book examines the many factors contributing to needs for care among older persons as well as the ways in which impairments are defined and responded to by both the individual and society. Focusing on practice an 410 0$aSpringer series on life styles and issues in aging. 606 $aOlder people$xCare$zUnited States 606 $aOlder people$xServices for$zUnited States 606 $aCommunity health services for older people$zUnited States 608 $aElectronic books. 615 0$aOlder people$xCare 615 0$aOlder people$xServices for 615 0$aCommunity health services for older people 676 $a362.6/0973 700 $aCox$b Carole B$0949780 801 0$bMiAaPQ 801 1$bMiAaPQ 801 2$bMiAaPQ 906 $aBOOK 912 $a9910454618603321 996 $aCommunity care for an aging society$92146822 997 $aUNINA LEADER 03066nam 2200493 450 001 9910164906003321 005 20230725062952.0 010 $a1-60961-116-0 035 $a(CKB)3710000000865918 035 $a(MiAaPQ)EBC6078645 035 $a(Au-PeEL)EBL6078645 035 $a(OCoLC)1156175454 035 $a(EXLCZ)993710000000865918 100 $a20170113h20112011 uy 0 101 0 $aeng 135 $aurcnu|||||||| 181 $2rdacontent 182 $2rdamedia 183 $2rdacarrier 200 10$a100 natural remedies for your child $ethe complete guide to safe, effective treatments for childhood's most common ailments, from allergies to weight loss /$fJared Skowron 210 1$aNew York, New York :$cRodale,$d2011. 210 4$dİ2011 215 $a1 online resource (380 pages) $cillustrations, tables 300 $aIncludes index. 311 $a1-60961-115-2 330 $a"Americans spend $34 billion dollars annually on alternative medical therapies and products. Not only are we seeking out natural remedies for ourselves-- increasingly we are also looking for ways to cut down on the amount of medication given to our children. In 100 Natural Remedies for Your Child, pediatric naturopath Dr. Jared Skowron shows parents how to prevent and treat their childrens illnesses, from common ailments such as upset stomach, headaches, and minor infections to more serious problems like food allergies, diabetes, and asthma. While there is a time and place for conventional medicine, natural solutions, especially diet can be effective strategies for treating many of our childrens ailments. 100 Natural Remedies for Your Child includes: FOODS THAT HEAL: Dietary change is the core lifestyle modification in naturopathic medical practice. Dr. Skowron shows parents the power of nutrition and reveals how foods can help prevent and treat disease. TOXIC DETOX: From pesticides to plastics, natural medicine offers safe and proven methods for removing environmental toxins from our childrens bodies. SUPPLEMENTATION: Parents will learn which supplements are helpful for alleviating symptoms or preventing illness and what dosages are safe and effective. ALTERNATIVE REMEDIES: Instead of heading to the drugstore for an over the counter remedy when their child is ill, parents will learn how to use homeopathic remedies that save money and heal their child naturally"--$cProvided by publisher. 606 $aNaturopathy$vPopular works 606 $aPediatrics$vPopular works 606 $aChildren$xHealth and hygiene$vPopular works 606 $aChildren$xDiseases$vAlternative treatment$vPopular works 615 0$aNaturopathy 615 0$aPediatrics 615 0$aChildren$xHealth and hygiene 615 0$aChildren$xDiseases 676 $a618.92 686 $aHEA046000$2bisacsh 700 $aSkowron$b Jared$01242100 801 0$bMiAaPQ 801 1$bMiAaPQ 801 2$bMiAaPQ 906 $aBOOK 912 $a9910164906003321 996 $a100 natural remedies for your child$92881146 997 $aUNINA